संगीत बारी (Record no. 1264608)

MARC details
000 -LEADER
fixed length control field 00622nam a2200193Ia 4500
008 - FIXED-LENGTH DATA ELEMENTS--GENERAL INFORMATION
fixed length control field 151121s9999||||xx |||||||||||||| ||und||
082 ## - DEWEY DECIMAL CLASSIFICATION NUMBER
Classification number 814/कोरगां
082 ## - DEWEY DECIMAL CLASSIFICATION NUMBER
Item number HNW-115918
100 ## - MAIN ENTRY--PERSONAL NAME
Personal name कोरगांवकर भूषण
245 ## - TITLE STATEMENT
Title संगीत बारी
260 ## - PUBLICATION, DISTRIBUTION, ETC. (IMPRINT)
Name of publisher, distributor, etc "राजहंस प्रकाशन, पुणे।"
260 ## - PUBLICATION, DISTRIBUTION, ETC. (IMPRINT)
Date of publication, distribution, etc 2014
300 ## - PHYSICAL DESCRIPTION
Extent 177
600 ## - SUBJECT ADDED ENTRY--PERSONAL NAME
Personal name कोरगांवकर भूषण
630 ## - SUBJECT ADDED ENTRY--UNIFORM TITLE
Uniform title संगीत बारी
700 ## - ADDED ENTRY--PERSONAL NAME
Personal name कोरगांवकर भूषण
730 ## - ADDED ENTRY--UNIFORM TITLE
Uniform title संगीत बारी
942 ## - ADDED ENTRY ELEMENTS (KOHA)
Koha item type Book
Holdings
Withdrawn status Lost status Damaged status Not for loan Home library Current library Date acquired Cost, normal purchase price Total Checkouts Full call number Barcode Date last seen Cost, replacement price Price effective from Koha item type
        Hirachand Nemchand Wachanalaya, Solapur Hirachand Nemchand Wachanalaya, Solapur 12/25/2014 240.00   HNW-115918 HNW-115918 11/21/2015 240.00 11/21/2015 Book